| 000 | 00438nam a2200157Ia 4500 | ||
|---|---|---|---|
| 008 | 230312s9999||||xx |||||||||||||| ||und|| | ||
| 020 | _a81-7319-594-5 | ||
| 082 |
_a621.3815 _bPAI-S |
||
| 100 | _aPai,M.A | ||
| 245 | 0 | _aSmall Signal Analysis of Power Systems | |
| 260 |
_bNasora Publishing House _aIndia _c2007 |
||
| 300 | _a291 | ||
| 546 | _aEng. | ||
| 650 |
_aEngineering _vSychronous Machine,Oscillations in Power Systems |
||
| 942 | _cBK | ||
| 999 |
_c1633 _d1633 |
||